State of the climate in 2007 /

Shranjeno v:
Bibliografske podrobnosti
Glavni avtor: Levinson, D.H
Drugi avtorji: Lawrimore, J.H. Arguez, A. Diamond, H.J. Feterrer, F. Horvitz, A. Levy, J.M. eds
Format: Texto
Izdano: Department of Commerce of United States of America
Oznake: Označite
Brez oznak, prvi označite!

MARC

LEADER 00000 a a2200000 04500
001 39493
003
040
090 |a 1001 S797s  
100 |a Levinson, D.H.  
245 |a State of the climate in 2007 /  |c D.H. Levinson 
260 |a Department of Commerce of United States of America  
300 |a 179 p.   |b map.  
500 |a Suplemento especial del "Bulletin of the American Meteorological Society" Vol. 89, No. 7, july 2008  
700 |a Lawrimore, J.H.   |a Arguez, A.   |a Diamond, H.J.   |a Feterrer, F.   |a Horvitz, A.   |a Levy, J.M.   |a eds  
999 |c 13658  |d 13658